Propiedades de dos suelos del campo experimental de ACA en Cabildo /

Guardado en:
Autor Principal: Bambozzi, Diego Ariel.
Autor Corporativo: Universidad Nacional del Sur. Departamento de Agronomía.
Otros Autores: Corribolo, Enrique Pascual.
Formato: Libro
Idioma:Spanish
Publicado: Bahía Blanca, 2006.
Etiquetas: Agregar Etiqueta
Sin Etiquetas, Sea el primero en etiquetar este registro!
LEADER 00824nam a22001815a 4500
001 EEA.libagro007568
005 20170530083704.0
008 130809s2006####ag#a##########000#0#spa#d
082 0 4 |a 631.478212 
100 1 |a Bambozzi, Diego Ariel. 
245 1 0 |a Propiedades de dos suelos del campo experimental de ACA en Cabildo /  |c Diego Ariel Bambozzi, Enrique Pascual Corribolo. 
260 |a Bahía Blanca,  |c 2006. 
300 |a 50 h. :  |b il. ;  |c 30 cm. 
500 |a Trabajo final (Técnico Superior Agrario en Suelos y Aguas) -- Universidad Nacional del Sur. Departamento de Agronomía, 2006. 
700 1 |a Corribolo, Enrique Pascual. 
710 2 |a Universidad Nacional del Sur.  |b Departamento de Agronomía. 
859 |a AR-BbBCA  |b BIB. AGRONOMIA  |h 631.478212  |i B199  |p 2006/4957 
859 |a AR-BbBCA  |b BIB. AGRONOMIA  |h 631.478212  |i B199  |p 2006/4958  |t Ej.2